| 000 | 00872ngm a22003370a 4500 | ||
|---|---|---|---|
| 001 | PT37397 | ||
| 003 | AR-LpoUNG | ||
| 005 | 20210202000508.0 | ||
| 007 | vd cvaizq | ||
| 008 | 191001s1980||||ag |||||||||||||||||spa d | ||
| 037 | _c$10 | ||
| 040 |
_aAR-LpoUNG _bspa _cAR-LpoUNG _eaacr |
||
| 041 | _aspa | ||
| 044 | _aag | ||
| 082 | 0 | _a305.235 719vid | |
| 100 | 1 | _aVillarroel, Fernando | |
| 245 | 1 | 3 | _aEn la vida |
| 260 |
_aBuenos Aires : _bBlackman, _c[1980]. |
||
| 300 | _aVHS (ca 60 min.) : son., col. | ||
| 505 | 0 | _a4 cortos sobre niñez y adolescencia. - Música : Santiago Greco ; Edición : Daniel Roiz. | |
| 650 | 4 | _aJOVENES | |
| 650 | 4 | _aNIÑEZ | |
| 651 | 4 | _aArgentina | |
| 653 | _aCINE ARGENTINO | ||
| 653 | _aCORTOMETRAJE | ||
| 653 | _aDOCUMENTALES | ||
| 653 | _aVIDEOS | ||
| 700 | 1 | _aAnzardi, Gustavo | |
| 905 | _a37397 | ||
| 942 | _cVIDEO | ||
| 999 |
_c54964 _d54964 |
||